| 000 | 00951 a2200229 4500 | ||
|---|---|---|---|
| 003 | NUST | ||
| 005 | 20221219152138.0 | ||
| 010 | _a 84220705 | ||
| 020 | _a0195674774 | ||
| 020 | _a0420470301 (pbk.) | ||
| 040 | _cNust | ||
| 082 | 0 | 0 | _a342.7,WAD |
| 100 | 1 |
_aWade, H.W.R _9105221 |
|
| 245 | 1 | 4 |
_aAdministrative Law / _cC.F.Forsyth and H.W.R. Wade. |
| 250 | _a9th ed. | ||
| 260 |
_aLondon : _bStevens, _c1984. |
||
| 300 |
_acxxviii, 1230 p. : _bill. ; _c25 cm. |
||
| 505 | _aIntroduction (Page-3), Constitutional Foundations Of The Powers Of The Courts (Page-20), Authorities And Functions (Page-45), European Influences (Page-161), Powers And Jurisdiction (Page-213), Discretionary Power (Page-311), Natural Justice (Page-439), Remedies And Liabilities (Page-559), Administrative Legislation And Adjudication (Page-857). | ||
| 650 | 0 |
_aReal property _zEngland. _9105222 |
|
| 700 | 1 |
_aWade, William, _d1918- _9105223 |
|
| 942 |
_2ddc _cBK _k342.7,WAD |
||
| 999 |
_c176856 _d176856 |
||